000 00850nam a22002897a 4500
003 CHAP
005 20220329140519.0
008 971013s1905 r 00010 d
010 _a53138
011 _a54110
035 _a58260
040 _cCHAP
090 _aFolleto 5905
100 0 0 _aSegura, José C.
_9103672
245 _aTratamiento de la leche y fabricación de la mantequilla
260 _a(Salamanca, Gto.) :
_b(s.e),
_c(1905)
300 _a26 p.
590 _aBATCH-UPD
_b10
_c20130110
_lUCH01
_h0725
590 _aBATCH-UPD
_b10
_c20130410
_lUCH01
_h0409
590 _aBATCH-UPD
_b10
_c20130914
_lUCH01
_h1716
590 _aCONVERSION
_b10
_c20130109
_lUCH01
_h1329
650 1 4 _aLeche
_xProcesado.
_965399
650 1 4 _aMantequilla.
_970586
901 _aBK
942 _cFOLL
949 _aFolleto 5905
_bBC
_cBPP
_d-126499
_eBPP
_i58260
_si
999 _c53138
_d53138